As 15 Cidades com Mais Habitantes do estado de São Paulo - Statistics

Estatísticas Gerais
  • Esse quiz foi jogado 67 vezes
  • A pontuação média é 12 de 15
Estatísticas das Respostas
Hint Resposta % Correto
1.185.977 Campinas
100%
1.345.364 Guarulhos
100%
11.895.578 São Paulo
100%
840.499 São Bernardo do Campo
92%
756.952 Osasco
90%
429.567 Santos
90%
778.711 Santo André
86%
728.400 Ribeirão Preto
83%
501.597 São José do Rio Preto
73%
724.756 São José dos Campos
73%
757.459 Sorocaba
73%
460.313 Jundiaí
70%
468.120 Mogi das Cruzes
57%
438.827 Piracicaba
52%
429.380 Mauá
51%
Nenhum quiz correspondente encontrado
Distribuição das Pontuações
Porcentagem de Pessoas com Cada Pontuação
Percentil de Números Respondidos
Sua Pontuação Histórica
Você não jogou esse quiz